01594nam a2200325 i 4500001001000000003000900010005001700019007000300036008004100039040003000080041000800110082002400118100004700142245005100189264004200240300005600282336002700338337003200365338002800397590002700425650002900452650003100481910004100512942001400553952014800567952013600715952014200851952025800993999001701251000012738DO-SdBNP20260304094324.0ta091116s1980 dr ac 000 j spa d aDO-SdBNPbspacBNPHUerda hspa 4aRD863.44bP379n2221 aPeix, Pedrod1952-2015eautor4aut.92567513aLa noche de los buzones blancos /cPedro Peix. 1aSanto Domingo :bAlfa & Omega,c1980. a212 páginas :bilustraciones, retratos. ;c21 cm. atextobtxt2rdacontent asinmediaciónbn2rdamedia avolumenbnc2rdacarrier aInventariado, 2020/MAA 0aCuentos dominicanos9176 4aLiteratura dominicana.967 aValidado. Control de calidad MMOLINA 2ddccLBS1 00102ddc56708DSaBNPHUbBNPHUcHDd2015-02-12l0oBNPHU DS RD863.44 P379np12738-30r2020-06-25te. 3w2020-06-25yLBS1ZPréstamo en sala 00102ddc51708PDaBNPHUbBNPHUcHDd2009-11-16l0oBNPHU PD RD863.44 P379np12738-10r2020-06-25w2020-06-25yLBS1ZNo se presta 00102ddc51708PDaBNPHUbBNPHUcHDd2013-05-13l0oBNPHU PD RD863.44 P379np12738-20r2020-06-25te. 2w2020-06-25yLBS1ZNo se presta 00102ddc56708DSaBNPHUbBNPHUcCTd2025-02-11eDonado por la Presidencia de la República Dominicana 2023.l0oBNPHU DS RD863.44 P379np2025-0935r2025-02-11te.4w2025-02-11yLBS1zPertenecio a la biblioteca personal de René Rodríguez Soriano. c12389d12389